Teaching internship / (Record no. 7512)
[ view plain ]
| 000 -LEADER | |
|---|---|
| fixed length control field | 00964nam a22002777i 4500 |
| 003 - CONTROL NUMBER IDENTIFIER | |
| control field | URS |
| 005 - DATE AND TIME OF LATEST TRANSACTION | |
| control field | 20240529215738.0 |
| 008 - FIXED-LENGTH DATA ELEMENTS--GENERAL INFORMATION | |
| fixed length control field | 181214t2022 ph ||||| |||| 00| 0 eng d |
| 020 ## - INTERNATIONAL STANDARD BOOK NUMBER | |
| International Standard Book Number | 9786214510221 |
| 040 ## - CATALOGING SOURCE | |
| Language of cataloging | eng |
| Description conventions | rda |
| Transcribing agency | DLC |
| Original cataloging agency | DLC |
| Modifying agency | DLC |
| -- | URS |
| 050 14 - LIBRARY OF CONGRESS CALL NUMBER | |
| Classification number | LC 1072.I58 |
| Item number | L6285 2018 |
| 082 ## - DEWEY DECIMAL CLASSIFICATION NUMBER | |
| Classification number | 371.12 |
| Item number | L6285 2022 |
| 100 1# - MAIN ENTRY--PERSONAL NAME | |
| Personal name | Lim-Borabo, Milagros. |
| Relator term | author |
| 245 10 - TITLE STATEMENT | |
| Title | Teaching internship / |
| Statement of responsibility, etc. | Milagros Lim-Borabo, and Heidi Grace Borabo Din. |
| 264 #1 - PRODUCTION, PUBLICATION, DISTRIBUTION, MANUFACTURE, AND COPYRIGHT NOTICE | |
| Place of production, publication, distribution, manufacture | Quezon CIty : |
| Name of producer, publisher, distributor, manufacturer | Lorimar Publishing Publishing, |
| Date of production, publication, distribution, manufacture, or copyright notice | [2018] |
| 264 #4 - PRODUCTION, PUBLICATION, DISTRIBUTION, MANUFACTURE, AND COPYRIGHT NOTICE | |
| Date of production, publication, distribution, manufacture, or copyright notice | copyright 2018 |
| 300 ## - PHYSICAL DESCRIPTION | |
| Extent | [XVIII], 152 pages ; |
| Dimensions | 27 cm. |
| 336 ## - CONTENT TYPE | |
| Source | rdacontent |
| Content type term | text |
| Content type code | txt |
| 337 ## - MEDIA TYPE | |
| Source | rdamedia |
| Media type term | unmediated |
| Media type code | n |
| 338 ## - CARRIER TYPE | |
| Source | rdacarrier |
| Carrier type term | volume |
| Carrier type code | nc |
| 504 ## - BIBLIOGRAPHY, ETC. NOTE | |
| Bibliography, etc. note | Includes appendices. |
| 524 ## - PREFERRED CITATION OF DESCRIBED MATERIALS NOTE | |
| Preferred citation of described materials note | Lim-Borabo, M. (2018). Teaching internship: OBE and PPST-based. Quezon City : Lorimar Publishing, Incorporated. |
| 650 #0 - SUBJECT ADDED ENTRY--TOPICAL TERM | |
| Topical term or geographic name entry element | Teachers |
| General subdivision | Training |
| 700 ## - ADDED ENTRY--PERSONAL NAME | |
| Personal name | Din, Heidi Grace Borabo. |
| 942 ## - ADDED ENTRY ELEMENTS (KOHA) | |
| Source of classification or shelving scheme | Dewey Decimal Classification |
| Koha item type | Filipiniana |
| Withdrawn status | Source of classification or shelving scheme | Damaged status | Not for loan | Collection code | Home library | Current library | Shelving location | Date acquired | Source of acquisition | Total Checkouts | Total Renewals | Full call number | Barcode | Date last seen | Date last checked out | Cost, replacement price | Price effective from | Koha item type | Copy number |
|---|---|---|---|---|---|---|---|---|---|---|---|---|---|---|---|---|---|---|---|
| Dewey Decimal Classification | Pililla College Library | Pililla College Library | Filipiniana Section | 05/08/2024 | 371.12 L6285 2018 | URSPIL-6756 | 05/08/2024 | 05/08/2024 | Filipiniana | 1 | |||||||||
| Dewey Decimal Classification | Pililla College Library | Pililla College Library | Filipiniana Section | 05/08/2024 | 371.12 L6285 2018 | URSPIL-6917 | 05/08/2024 | 05/08/2024 | Filipiniana | 2 | |||||||||
| Dewey Decimal Classification | Pililla College Library | Pililla College Library | Filipiniana Section | 05/08/2024 | 371.12 L6285 2018 | URSPIL-6918 | 05/08/2024 | 05/08/2024 | Filipiniana | 3 | |||||||||
| Dewey Decimal Classification | Pililla College Library | Pililla College Library | Filipiniana Section | 05/08/2024 | 371.12 L6285 2018 | URSPIL-6919 | 05/08/2024 | 05/08/2024 | Filipiniana | 4 | |||||||||
| Dewey Decimal Classification | Pililla College Library | Pililla College Library | Filipiniana Section | 05/08/2024 | 371.12 L6285 2018 | URSPIL-7110 | 05/08/2024 | 05/08/2024 | Filipiniana | 5 | |||||||||
| Library of Congress Classification | Non-fiction | Tanay College Library | Tanay College Library | Reserve Section | 05/28/2019 | Purchase | 1 | 1 | LC 1072.I58 L6285 2018 | URSTAN-N2773 | 01/21/2020 | 01/10/2020 | 784.00 | 05/30/2019 | Filipiniana |